Census publications 1961, Released utpo end of July, 1969 : Supplement to Bulletin No.2 of 1969 (Record no. 11359)

MARC details
000 -LEADER
fixed length control field 00377nam a2200109Ia 4500
082 ## - DEWEY DECIMAL CLASSIFICATION NUMBER
Classification number RR 016.3120954 CEN
245 #0 - TITLE STATEMENT
Title Census publications 1961, Released utpo end of July, 1969 : Supplement to Bulletin No.2 of 1969
260 ## - PUBLICATION, DISTRIBUTION, ETC. (IMPRINT)
Place of publication New Delhi
Name of publisher Office of the Registrar General, Ministr
Year of publication 1970
300 ## - PHYSICAL DESCRIPTION
Number of Pages 154p.
710 ## - ADDED ENTRY--CORPORATE NAME
Corporate name or jurisdiction name as entry element India. Office of the Registrar General
942 ## - ADDED ENTRY ELEMENTS (KOHA)
Koha item type Books
Source of classification or shelving scheme Dewey Decimal Classification
Holdings
Withdrawn status Lost status Damaged status Not for loan Home library Current library Date acquired Bill Date Full call number Accession Number Price effective from Koha item type
        NASSDOC Library NASSDOC Library 08/10/2004 2004-10-22 RR 016.3120954 CEN 21620 18/04/2019 Books